El cooperativismo costarricense y el tratado de libre comercio /
Guardat en:
| Autor principal: | |
|---|---|
| Format: | Text |
| Matèries: | |
| Etiquetes: |
Afegir etiqueta
Sense etiquetes, Sigues el primer a etiquetar aquest registre!
|
MARC
| LEADER | 00000 a a2200000 04500 | ||
|---|---|---|---|
| 001 | 16893 | ||
| 003 | |||
| 040 | |||
| 100 | |a Regidor Beltrán, Harys | ||
| 245 | |a El cooperativismo costarricense y el tratado de libre comercio / |c Harys Regidor Beltrán | ||
| 650 | |a COOPERATIVAS | ||
| 650 | |a MOVIMIENTOS SOCIALES | ||
| 650 | |a TLC | ||
| 650 | |a COSTA RICA | ||
| 773 | |g volumen 15, número 2; páginas 7-18 | ||
| 999 | |c 25146 |d 25146 | ||
